MARC details
| 000 -CABECERA |
| campo de control de longitud fija |
01074nam a22002777a 4500 |
| 005 - FECHA Y HORA DE LA ÚLTIMA TRANSACCIÓN |
| campo de control |
20230302063656.0 |
| 008 - ELEMENTOS DE LONGITUD FIJA--INFORMACIÓN GENERAL |
| campo de control de longitud fija |
230209s2020 mx ||||| |||| 00| 0 spa d |
| 020 ## - NÚMERO INTERNACIONAL NORMALIZADO PARA LIBROS |
| Número Internacional Estándar del Libro |
9786077479994 |
| 040 ## - FUENTE DE LA CATALOGACIÓN |
| Centro catalogador/agencia de origen |
MX-MxUPN |
| Centro/agencia transcriptor |
MX-MxUPN |
| Lengua de catalogación |
spa |
| 041 1# - CÓDIGO DE IDIOMA |
| Código de lengua del texto/banda sonora o título independiente |
spa |
| Código de lengua original |
eng |
| 050 #4 - SIGNATURA TOPOGRÁFICA DE LA BIBLIOTECA DEL CONGRESO |
| Número de clasificación |
BF697.5 S447 |
| Número de documento/Ítem |
B778 2020 |
| 100 1# - ASIENTO PRINCIPAL--NOMBRE PERSONAL |
| Nombre de persona |
Branden, Nathaniel, |
| Fechas asociadas al nombre |
1930-2014 |
| 9 (RLIN) |
35025 |
| 240 10 - TÍTULO UNIFORME |
| Título uniforme |
Honoring the self. The psychology of confidence and respect. |
| Lenguaje de la obra |
Español |
| 245 13 - MENCIÓN DE TÍTULO |
| Título |
El respeto hacia uno mismo : |
| Resto del título |
como vencer el temor a la desaprobación de los memás, el sentimiento de culpa y la inseguridad |
| 250 ## - MENCIÓN DE EDICIÓN |
| Mención de edición |
Primera edición |
| 260 ## - PUBLICACIÓN, DISTRIBUCIÓN, ETC. |
| Lugar de publicación, distribución, etc. |
Ciudad de México : |
| Nombre del editor, distribuidor, etc. |
Paidós, |
| Fecha de publicación, distribución, etc. |
2020. |
| 300 ## - DESCRIPCIÓN FÍSICA |
| Extensión |
253 páginas |
| 490 ## - MENCIÓN DE SERIE |
| Mención de serie |
Biblioteca Nathaniel Branden |
| 500 ## - NOTA GENERAL |
| Nota general |
Traducción de: Honoring the self. The psychology of confidence and respect. |
| 650 #4 - ASIENTO SECUNDARIO DE MATERIA - TERMINO TEMATICO |
| 9 (RLIN) |
2906 |
| Término de materia o nombre geográfico como elemento de entrada |
Autoestima |
| 650 #2 - ASIENTO SECUNDARIO DE MATERIA - TERMINO TEMATICO |
| Término de materia o nombre geográfico como elemento de entrada |
Autonomía (Psicología) |
| 9 (RLIN) |
3077 |
| 700 1# - ASIENTO SECUNDARIO--NOMBRE DE PERSONAL |
| Nombre de persona |
Senestrari de Salvi, Magdalena L. |
| Término indicativo de función/relación |
traductora |
| 9 (RLIN) |
47874 |
| 902 ## - ELEMENTOS DE DATOS B LOCAL, LDB (RLIN) |
| Creó |
GabrielCapula/080223 |
| Modificó |
NoemiAcosta/220223 |
| 942 ## - ELEMENTOS DE PUNTO DE ACCESO ADICIONAL (KOHA) |
| Fuente del sistema de clasificación o colocación |
Library of Congress Classification |
| Tipo de ítem Koha |
Libro |
| Suprimir en OPAC |
No |